000 01488nam0a22002891 4500
001 rc\4212407
005 20130415195947.5
021 _aRU
_b[48-7216]
035 _a(NLR Aleph) 008209741
090 _a8089115
_c8089115
100 _a20130415d1948 |||y0rusy50 ca
101 0 _arus
102 _aRU
105 _aa z |||||
200 1 _aСамостоятельные занятия по элементарной математике
_eСборник для заочников учительских ин-тов
_fГл. упр. высш. учеб. заведений М-ва просвещения РСФСР. Науч.-метод. кабинет по заоч. обучению учителей
210 _aМосква
_cУчпедгиз
_d1948
_g5-я тип. треста "Полиграфкнига" в Свердловске
215 _a260 с.
_cчерт.
_d22
300 _aНа обороте тит. л. авт.: С.В. Филичев, Г.Я. Мордкович
606 _aМатематика
_jПособия заочные
_2psbo
700 1 _aФиличев
_bС. В.
_gСтефан Васильевич
701 1 _aМордкович
_bГ. Я.
_gГригорий Яковлевич
712 0 2 _aНаучно-методический кабинет по заочному обучению учителей
_cМосква
_3RU\NLR\AUTH\8810950
801 0 _aRU
_bNLR
_gpsbo
801 1 _aRU
_bELAR
_2rusmarc
852 _aNLR
_jМт02 Г-5/115
942 _cBOOK
980 _aNB